[Event "Titled Tue 27th May Early"]
[Site "chess.com INT"]
[Date "2025.05.27"]
[Round "9"]
[White "Chan, Kim Yew"]
[Black "Sklokin, Sergey"]
[Result "0-1"]
[WhiteTitle "FM"]
[BlackTitle "FM"]
[WhiteElo "2304"]
[BlackElo "2311"]
[WhiteFideId "5717981"]
[BlackFideId "55730230"]
[EventDate "2025.05.27"]

1. c4 c5 2. Nc3 Nc6 3. g3 e6 4. Bg2 Nf6 5. e3 d5 6. cxd5 exd5 7. Nge2 d4 8. Ne4
Nxe4 9. Bxe4 Bg4 10. f3 Bd7 11. O-O Bd6 12. exd4 cxd4 13. d3 O-O 14. Bf4 Qe7 15.
Qd2 Rfe8 16. Bxc6 Bxc6 17. Nxd4 Bc5 18. Rae1 Bxd4+ 19. Kg2 Qd7 20. Rxe8+ Rxe8
21. Re1 Rxe1 22. Qxe1 h6 23. b3 Qe6 24. Qxe6 fxe6 25. Bd2 g5 26. g4 Bb5 27. h4
gxh4 28. Bxh6 Bxd3 29. Bg5 Bb1 30. Bxh4 Bxa2 31. b4 b5 32. Be7 Bc3 33. Kf2 a5
34. bxa5 Bxa5 35. Ke3 b4 36. f4 b3 37. Ba3 Bc3 38. f5 exf5 39. gxf5 b2 40. Bxb2
Bxb2 41. f6 Bxf6 42. Kf4 Kf7 43. Ke3 Ke6 44. Kf4 Bb1 45. Ke3 Ke5 46. Kf3 Be4+
47. Ke3 Bg5+ 48. Ke2 Kd4 49. Kf2 Kd3 50. Kg3 Ke3 51. Kg4 Bf4 52. Kh5 Kf3 53. Kh4
Bg6 54. Kh3 Bg5 55. Kh2 Kf2 56. Kh3 Bf5+ 57. Kh2 Bf4+ 58. Kh1 Be4# 0-1

[Event "Titled Tue 27th May Early"]
[Site "chess.com INT"]
[Date "2025.05.27"]
[Round "9"]
[White "Ilinca, Felix-Antonio"]
[Black "Madhesh Kumar S"]
[Result "1-0"]
[WhiteTitle "IM"]
[BlackTitle "CM"]
[WhiteElo "2420"]
[BlackElo "2243"]
[WhiteFideId "54764998"]
[BlackFideId "25168649"]
[EventDate "2025.05.27"]

1. d4 Nf6 2. Nc3 d5 3. Bf4 g6 4. e3 Bg7 5. h4 c5 6. Nb5 Na6 7. c3 O-O 8. h5 cxd4
9. exd4 Bf5 10. Be2 Ne8 11. Qd2 Nac7 12. Nxc7 Nxc7 13. Bh6 Ne8 14. hxg6 Bxg6 15.
Nf3 Qd6 16. Ne5 Nf6 17. Bxg7 Kxg7 18. Qh6+ Kg8 19. O-O-O Nd7 20. f4 Nxe5 21.
dxe5 Qc6 22. Qg5 e6 23. Rxh7 Qa4 24. Bd3 Kxh7 25. Rh1+ Kg8 26. Qf6 Qxf4+ 27.
Qxf4 Bxd3 28. Qh6 f5 29. Qg6# 1-0

[Event "Titled Tue 27th May Early"]
[Site "chess.com INT"]
[Date "2025.05.27"]
[Round "9"]
[White "Jiganchine, Roman"]
[Black "Agarwal, Amaya"]
[Result "1-0"]
[WhiteTitle "CM"]
[BlackTitle "WCM"]
[WhiteElo "2205"]
[BlackElo "2004"]
[WhiteFideId "2603667"]
[BlackFideId "48733580"]
[EventDate "2025.05.27"]

1. Nf3 d5 2. e3 Nf6 3. c4 e6 4. b3 Be7 5. Bb2 O-O 6. Nc3 c5 7. d4 Nc6 8. Bd3
dxc4 9. bxc4 b6 10. O-O Bb7 11. Qe2 cxd4 12. exd4 Qd7 13. Rad1 Rfd8 14. Rfe1 Qc7
15. d5 exd5 16. cxd5 Nxd5 17. Nxd5 Rxd5 18. Bxh7+ Kxh7 19. Rxd5 Bb4 20. Qc2+ Kg8
21. Red1 Bc5 22. Rh5 g6 23. Rh8# 1-0

[Event "Titled Tue 27th May Early"]
[Site "chess.com INT"]
[Date "2025.05.27"]
[Round "9"]
[White "Antoniou, Rafail"]
[Black "Timofeev, Artyom"]
[Result "0-1"]
[WhiteTitle "CM"]
[BlackTitle "GM"]
[WhiteElo "2134"]
[BlackElo "2548"]
[WhiteFideId "5904390"]
[BlackFideId "4140419"]
[EventDate "2025.05.27"]

1. e4 e6 2. d4 d5 3. exd5 exd5 4. Bd3 c5 5. dxc5 Bxc5 6. Nf3 Nf6 7. O-O O-O 8.
Nc3 h6 9. h3 Nc6 10. Bf4 a6 11. Qd2 Re8 12. Rfe1 Be6 13. a3 Bf8 14. Rad1 Qb6 15.
b4 Rac8 16. Na4 Qd8 17. Ne5 Ne4 18. Bxe4 dxe4 19. Qxd8 Nxd8 20. Rd2 g5 21. Bg3
f5 22. Nb6 Rc3 23. Ned7 Bxd7 24. Nxd7 Bg7 25. Re3 f4 26. Bxf4 gxf4 27. Rxc3 Bxc3
28. Rd5 e3 29. fxe3 fxe3 30. Nc5 e2 31. Nd3 e1=Q+ 32. Nxe1 Rxe1+ 33. Kf2 Re8 34.
Rd7 Bb2 35. a4 Bc3 36. b5 axb5 37. axb5 b6 38. Rd6 Nf7 39. Rc6 Bd4+ 40. Kg3 Bc5
41. Kh4 Kg7 42. g4 Re7 43. Kh5 Re5+ 0-1

[Event "Titled Tue 27th May Early"]
[Site "chess.com INT"]
[Date "2025.05.27"]
[Round "9"]
[White "Logachiov, Aleksandr"]
[Black "Hnatyshyn, Anastasiia"]
[Result "0-1"]
[WhiteTitle "CM"]
[BlackTitle "WFM"]
[WhiteElo "2129"]
[BlackElo "2159"]
[WhiteFideId "24123706"]
[BlackFideId "14198339"]
[EventDate "2025.05.27"]

1. c4 e6 2. Nc3 d5 3. d4 Nf6 4. cxd5 exd5 5. Bg5 Be7 6. e3 O-O 7. Bd3 c6 8. Nf3
Nbd7 9. O-O a5 10. Qc2 b5 11. Ne5 Nxe5 12. dxe5 Nd7 13. Bf4 h6 14. Bg3 Nc5 15.
Bh7+ Kh8 16. Bf5 b4 17. Ne2 b3 18. axb3 Bxf5 19. Qxf5 Nxb3 20. Ra4 Qc8 21. Qc2
Nc5 22. Ra2 Ne6 23. Rc1 c5 24. Qd2 Qb7 25. Rca1 c4 26. Nc3 Rfd8 27. Rxa5 Rxa5
28. Rxa5 d4 29. exd4 Nxd4 30. Qe1 Bb4 31. Ra1 Nc2 32. Qc1 Nxa1 33. Qxa1 Bxc3 34.
bxc3 Qb3 35. h4 Rd1+ 0-1

[Event "Titled Tue 27th May Early"]
[Site "chess.com INT"]
[Date "2025.05.27"]
[Round "9"]
[White "Burmakin, Evgeniy"]
[Black "Ollier, Pablo"]
[Result "0-1"]
[WhiteTitle "FM"]
[BlackTitle "FM"]
[WhiteElo "2110"]
[BlackElo "2284"]
[WhiteFideId "4163729"]
[BlackFideId "652318"]
[EventDate "2025.05.27"]

1. e4 e5 2. Nf3 Nc6 3. Bb5 a6 4. Ba4 d6 5. O-O Bg4 6. h3 h5 7. c3 Qf6 8. d3 Ne7
9. Nbd2 g5 10. Re1 Bd7 11. d4 g4 12. dxe5 dxe5 13. hxg4 hxg4 14. Nh2 O-O-O 15.
Ndf1 g3 16. Nxg3 Ng6 17. Qf3 Qh4 18. Ngf1 Bc5 19. Be3 Bxe3 20. Rxe3 Nf4 21. Qg3
Qf6 22. Qf3 Rdg8 23. g3 Qh4 24. Rd1 Bg4 25. Nxg4 Rxg4 26. Rd2 Nh3+ 27. Kg2 Nf4+
28. Kg1 Qh3 29. Bd1 Kb8 0-1

[Event "Titled Tue 27th May Early"]
[Site "chess.com INT"]
[Date "2025.05.27"]
[Round "9"]
[White "Andrade, Ivan"]
[Black "Mayorau, Mikita1"]
[Result "1-0"]
[WhiteTitle "FM"]
[BlackTitle "GM"]
[WhiteElo "2161"]
[BlackElo "2472"]
[WhiteFideId "14800039"]
[BlackFideId "13501720"]
[EventDate "2025.05.27"]

1. e4 e6 2. d4 d5 3. Nc3 Nf6 4. e5 Nfd7 5. Nce2 c5 6. c3 Nc6 7. Nf3 b6 8. Nf4
Be7 9. Bb5 Bb7 10. O-O a6 11. Bd3 b5 12. g3 b4 13. h4 bxc3 14. bxc3 cxd4 15.
cxd4 Nb4 16. Bb1 Rc8 17. a3 Nc6 18. Nh5 g6 19. Ng7+ Kf8 20. Bh6 Kg8 21. Ng5 Bf8
22. Nxf7 Qe7 23. Nd6 Rb8 24. Nxe6 Qxe6 25. Bxf8 Nxf8 26. Kh2 Nd7 27. f4 Nd8 28.
f5 Qe7 29. Qg4 Nf8 30. f6 Qe6 31. Bf5 Qxd6 32. exd6 Kf7 33. Rae1 gxf5 34. Qg7# 1-0

[Event "Titled Tue 27th May Early"]
[Site "chess.com INT"]
[Date "2025.05.27"]
[Round "9"]
[White "Nayak, Rajesh"]
[Black "Gonzalez Vega, Alejandro"]
[Result "1-0"]
[WhiteTitle "FM"]
[BlackTitle "FM"]
[WhiteElo "2286"]
[BlackElo "2092"]
[WhiteFideId "35017152"]
[BlackFideId "3510042"]
[EventDate "2025.05.27"]

1. e4 c5 2. Nf3 a6 3. c3 e6 4. d4 cxd4 5. cxd4 d5 6. e5 Ne7 7. Bd3 Nec6 8. Nc3
Nd7 9. O-O Be7 10. a3 O-O 11. Ne2 f6 12. Nf4 Ndb8 13. Re1 f5 14. g3 b5 15. h4
Na5 16. Kg2 Nc4 17. Rh1 Nc6 18. b3 Nb6 19. Be3 h6 20. Ng5 hxg5 21. hxg5 Bxg5 22.
Qh5 Ra7 23. Qh7+ Kf7 24. Qg6+ Kg8 25. Nxe6 Bxe6 26. Qxe6+ Raf7 27. Qxc6 Bxe3 28.
fxe3 Nc8 29. Qg6 Rd7 30. Bxf5 Ne7 31. Be6+ Rf7 32. Qxf7# 1-0

[Event "Titled Tue 27th May Early"]
[Site "chess.com INT"]
[Date "2025.05.27"]
[Round "9"]
[White "Bakhmatsky, Vladislav"]
[Black "Ahmad, Khagan"]
[Result "0-1"]
[WhiteTitle "IM"]
[BlackTitle "IM"]
[WhiteElo "2433"]
[BlackElo "2405"]
[WhiteFideId "14124890"]
[BlackFideId "13431552"]
[EventDate "2025.05.27"]

1. b4 e5 2. Bb2 Bxb4 3. Bxe5 Nf6 4. e3 O-O 5. Nf3 Re8 6. Be2 d5 7. O-O Bg4 8.
Bb2 c5 9. d3 Nc6 10. Nbd2 Qd6 11. Nb3 Rad8 12. a3 Ba5 13. Nxa5 Nxa5 14. Re1 Nc6
15. Qd2 d4 16. e4 c4 17. Qg5 h6 18. Qh4 Bxf3 19. Bxf3 Ne5 20. Be2 Ng6 21. Qg3
Nf4 22. Bf1 c3 23. Bc1 g5 24. e5 Qc6 25. exf6 Rxe1 26. Bxf4 Rxa1 27. Bxg5 hxg5
28. Qxg5+ Kf8 0-1

[Event "Titled Tue 27th May Early"]
[Site "chess.com INT"]
[Date "2025.05.27"]
[Round "9"]
[White "Krsnik Cohar, Ivan Vihor"]
[Black "Injac, Teodora"]
[Result "1-0"]
[WhiteTitle "FM"]
[BlackTitle "IM"]
[WhiteElo "2362"]
[BlackElo "2474"]
[WhiteFideId "14520044"]
[BlackFideId "932400"]
[EventDate "2025.05.27"]

1. d4 Nf6 2. Bf4 c5 3. e3 g6 4. c3 Bg7 5. h3 O-O 6. Nd2 d6 7. Ngf3 Be6 8. Bc4
Bxc4 9. Nxc4 b5 10. Ncd2 Nc6 11. O-O a5 12. Qe2 Qb6 13. Rfd1 a4 14. a3 Rfe8 15.
Bh2 e5 16. dxe5 dxe5 17. Ng5 e4 18. h4 Qb7 19. Bd6 h6 20. Nh3 Nd7 21. Qg4 Re6
22. Bg3 f5 23. Qe2 Nce5 24. Nf4 Rd6 25. Nf1 Raa6 26. Rxd6 Rxd6 27. Rd1 Rxd1 28.
Qxd1 g5 29. hxg5 hxg5 30. Ne6 g4 31. Nxg7 Kxg7 32. Qd6 Ng6 33. Qe6 Nf6 34. Qxf5
Qd5 35. Qc8 Nh5 36. Qxg4 Nf6 37. Qc8 1-0

[Event "Titled Tue 27th May Early"]
[Site "chess.com INT"]
[Date "2025.05.27"]
[Round "9"]
[White "Idani, Pouya"]
[Black "Shukhman, Anna"]
[Result "1-0"]
[WhiteTitle "GM"]
[BlackTitle "WGM"]
[WhiteElo "2630"]
[BlackElo "2413"]
[WhiteFideId "12510130"]
[BlackFideId "54180058"]
[EventDate "2025.05.27"]

1. f4 d6 2. e4 c5 3. g3 g6 4. Bg2 Bg7 5. Ne2 Nc6 6. O-O Nf6 7. c3 O-O 8. h3 e5
9. d3 d5 10. fxe5 Nxe5 11. d4 cxd4 12. cxd4 Nc6 13. e5 Ne4 14. Nbc3 f6 15. exf6
Bxf6 16. Bh6 Rf7 17. Nxe4 dxe4 18. d5 Ne5 19. Nf4 Bg5 20. Bxg5 Qxg5 21. Kh2 Qh6
22. Qb3 Bf5 23. Kg1 Raf8 24. d6 Nf3+ 25. Bxf3 exf3 26. Rxf3 Bxh3 27. Nxh3 Qxh3
28. Raf1 Kh8 29. Rxf7 Rxf7 30. Rxf7 1-0

[Event "Titled Tue 27th May Early"]
[Site "chess.com INT"]
[Date "2025.05.27"]
[Round "9"]
[White "Sabuk, Piotr"]
[Black "Hiwale, Ronak"]
[Result "0-1"]
[WhiteTitle "IM"]
[WhiteElo "2321"]
[BlackElo "2105"]
[WhiteFideId "1137565"]
[BlackFideId "30975336"]
[EventDate "2025.05.27"]

1. e4 g6 2. d4 Bg7 3. c4 d6 4. Nc3 Nf6 5. Bd3 O-O 6. Nge2 Nc6 7. O-O e5 8. d5
Ne7 9. Bg5 Ne8 10. f4 exf4 11. Bxf4 f5 12. Qd2 fxe4 13. Nxe4 Nf5 14. Bg5 Qd7 15.
c5 dxc5 16. Nxc5 Qxd5 17. Rac1 Kh8 18. Nf4 Qd6 19. Ne2 Nf6 20. Bf4 Qb6 21. Kh1
Nd5 22. Bg5 Nb4 23. Bxf5 Bxf5 24. a3 Nc6 25. b4 Ne5 26. Nd4 a5 27. Nxf5 Rxf5 28.
Rxf5 gxf5 29. bxa5 Qxa5 30. Nxb7 Qxd2 31. Bxd2 Rxa3 32. Bf4 Nd3 33. Rd1 Nxf4 34.
Rd8+ Bf8 35. Rxf8+ Kg7 36. g3 Ra1# 0-1

[Event "Titled Tue 27th May Early"]
[Site "chess.com INT"]
[Date "2025.05.27"]
[Round "9"]
[White "Karttunen, Mika"]
[Black "Slovineanu, Viacheslav"]
[Result "1-0"]
[WhiteTitle "IM"]
[BlackTitle "IM"]
[WhiteElo "2490"]
[BlackElo "2412"]
[WhiteFideId "502081"]
[BlackFideId "13900510"]
[EventDate "2025.05.27"]

1. e4 c6 2. d4 d5 3. e5 Bf5 4. h4 h5 5. Bd3 Bxd3 6. Qxd3 Qa5+ 7. Nd2 e6 8. Nf3
Nh6 9. c3 Qa6 10. Qc2 Nf5 11. Nf1 Nd7 12. Ng3 Nxg3 13. fxg3 c5 14. Be3 cxd4 15.
Bxd4 Be7 16. Rf1 O-O 17. Kf2 Nc5 18. Kg1 Ne4 19. Kh2 Rac8 20. a3 b6 21. Ng1 Qc4
22. Qd1 g6 23. Rf4 Bc5 24. Nf3 Bxd4 25. Nxd4 b5 26. g4 Qc7 27. Nf3 f6 28. gxh5
fxe5 29. Rg4 Nf2 30. Rxg6+ Kh8 31. Qd2 e4+ 32. Kg1 Nd3 33. Rh6+ Kg8 34. Qg5+ 1-0

[Event "Titled Tue 27th May Early"]
[Site "chess.com INT"]
[Date "2025.05.27"]
[Round "9"]
[White "Chen, Yidong"]
[Black "Kalyani Sirin"]
[Result "1-0"]
[BlackTitle "WFM"]
[WhiteElo "2038"]
[BlackElo "2136"]
[WhiteFideId "8607028"]
[BlackFideId "33323500"]
[EventDate "2025.05.27"]

1. e4 c5 2. Nf3 Nc6 3. Bb5 g6 4. O-O Bg7 5. c3 Nf6 6. Re1 O-O 7. d4 cxd4 8. cxd4
d5 9. e5 Ne4 10. Nc3 Nxc3 11. bxc3 Qa5 12. a4 a6 13. Bxc6 bxc6 14. Ba3 Re8 15.
Bb4 Qc7 16. h3 Bf5 17. a5 h5 18. Nd2 f6 19. e6 Bd3 20. Nb3 Bc4 21. Nc5 Qf4 22.
Qc2 Qg5 23. Re3 h4 24. Rae1 f5 25. Nd7 Bh6 26. Nb6 Rad8 27. Nxc4 dxc4 28. Qa2 f4
29. Re5 Qf6 30. f3 Rd5 31. Qxc4 Rxe5 32. Rxe5 Bg7 33. Qxc6 Rd8 34. Qxa6 Qf8 35.
Re1 Qf5 36. Bxe7 Re8 37. Bb4 Qc2 38. e7 Kh7 39. Qb5 Qd2 40. Kf1 1-0

[Event "Titled Tue 27th May Early"]
[Site "chess.com INT"]
[Date "2025.05.27"]
[Round "9"]
[White "Skliarov, Viktor"]
[Black "Zhigalko, Sergei"]
[Result "0-1"]
[WhiteTitle "IM"]
[BlackTitle "GM"]
[WhiteElo "2334"]
[BlackElo "2572"]
[WhiteFideId "14106736"]
[BlackFideId "13502956"]
[EventDate "2025.05.27"]

1. e4 c5 2. Nf3 Nc6 3. Bb5 Nf6 4. Bxc6 dxc6 5. d3 Bg4 6. h3 Bh5 7. g4 Bg6 8.
Nbd2 Qc7 9. Nc4 Nd7 10. Qe2 b5 11. Ne3 e6 12. a4 Bd6 13. b3 f6 14. Bb2 a6 15. a5
O-O-O 16. Bc3 Rhe8 17. Ng2 e5 18. Nfh4 Nf8 19. Nf5 Ne6 20. Nxd6+ Qxd6 21. O-O-O
Rd7 22. Kb2 Bf7 23. Rhf1 Red8 24. f4 b4 25. Bd2 Nd4 26. Qf2 Bxb3 27. fxe5 Qe6
28. Nf4 Qg8 29. c3 Bxd1 30. e6 Nxe6 31. Rxd1 Nxf4 32. Bxf4 Rxd3 33. Rxd3 Rxd3
34. Qxc5 Rxc3 35. Qa7 Qb3+ 36. Ka1 Qa3+ 37. Kb1 Rb3+ 38. Kc2 Rb2+ 39. Kd1 Qd3+
40. Kc1 Qc2# 0-1

[Event "Titled Tue 27th May Early"]
[Site "chess.com INT"]
[Date "2025.05.27"]
[Round "9"]
[White "Centron Antuna, Daniel"]
[Black "Lyutsinger, Iren"]
[Result "0-1"]
[WhiteTitle "FM"]
[BlackTitle "FM"]
[WhiteElo "2290"]
[BlackElo "2266"]
[WhiteFideId "22288694"]
[BlackFideId "34425969"]
[EventDate "2025.05.27"]

1. Nf3 Nf6 2. c4 e6 3. b3 d5 4. Bb2 b6 5. g3 Bb7 6. Bg2 Be7 7. O-O O-O 8. d3
Nbd7 9. Nbd2 c5 10. Qc2 Rc8 11. e4 d4 12. e5 Ng4 13. Rae1 Qc7 14. h3 Bxf3 15.
Nxf3 Ngxe5 16. Nxe5 Nxe5 17. Bc1 Ng6 18. h4 Bd6 19. h5 Ne7 20. h6 g6 21. Bg5 f6
22. Bc1 e5 23. Bh3 Rce8 24. f4 exf4 25. gxf4 Nc8 26. Be6+ Kh8 27. Qg2 Re7 28.
Bd5 Rfe8 29. Rxe7 Nxe7 30. Bf7 Rf8 31. Be6 Nf5 32. Bxf5 gxf5 33. Qd5 Rg8+ 34.
Kh2 Qe7 35. Qf3 Qf8 36. Qh5 Rg6 37. Qxf5 Qxh6+ 38. Qh3 Qg7 39. Qc8+ Bf8 40. Rf3
Rg2+ 41. Kh3 Rg1 42. f5 Qg4+ 43. Kh2 Qg2# 0-1

[Event "Titled Tue 27th May Early"]
[Site "chess.com INT"]
[Date "2025.05.27"]
[Round "9"]
[White "Matskevich, Varvara"]
[Black "Tan, Jun Ying"]
[Result "0-1"]
[WhiteTitle "WFM"]
[BlackTitle "FM"]
[WhiteElo "1988"]
[BlackElo "2414"]
[WhiteFideId "13523465"]
[BlackFideId "5710413"]
[EventDate "2025.05.27"]

1. e4 c5 2. Nf3 d6 3. d4 cxd4 4. Nxd4 Nf6 5. Nc3 Nc6 6. Nb3 g6 7. Be2 Bg7 8. Be3
O-O 9. O-O Be6 10. f4 Qc8 11. Bf3 Ng4 12. Bd2 Nd4 13. h3 Nxb3 14. axb3 Qc5+ 15.
Kh1 Nf2+ 16. Rxf2 Qxf2 17. Be1 Qe3 18. Bd2 Qc5 19. Qe2 a6 20. Na4 Qxc2 21. Nb6
Qxb2 22. Re1 Rad8 23. b4 Qd4 24. Na4 b5 25. Nc3 Qc4 26. Qxc4 bxc4 27. Ra1 Rb8
28. Ra4 Rb6 29. Be2 Rfb8 30. Na2 d5 31. e5 d4 32. Ra3 c3 33. Bc1 Bxa2 34. Rxa2
Rxb4 0-1

[Event "Titled Tue 27th May Early"]
[Site "chess.com INT"]
[Date "2025.05.27"]
[Round "9"]
[White "Ambrogi, Agustin"]
[Black "Garcia Correa, Jose Ricardo"]
[Result "0-1"]
[WhiteTitle "FM"]
[BlackTitle "FM"]
[WhiteElo "2237"]
[BlackElo "2103"]
[WhiteFideId "170933"]
[BlackFideId "5101832"]
[EventDate "2025.05.27"]

1. e4 e5 2. Nf3 Nc6 3. Bc4 Bc5 4. d4 exd4 5. O-O d6 6. c3 Qf6 7. b4 Bb6 8. a4 a6
9. a5 Ba7 10. Bb2 dxc3 11. Nxc3 Nge7 12. Qb3 Qg6 13. Nd5 Bb8 14. Rfe1 O-O 15.
Rad1 Bg4 16. Re3 Nxd5 17. exd5 Bxf3 18. Rxf3 Ne5 19. Rg3 Qh5 20. f4 Ba7+ 21. Kh1
Ng4 22. Rxg4 Qxg4 23. Rd3 Rae8 24. Qc3 f6 25. h3 Qxf4 26. Rg3 Bd4 27. Qxd4 Qxg3
28. Bc3 Re7 29. Kg1 Rfe8 30. Kf1 Re4 31. Qd3 Qxd3+ 32. Bxd3 Re3 0-1

[Event "Titled Tue 27th May Early"]
[Site "chess.com INT"]
[Date "2025.05.27"]
[Round "9"]
[White "Rubes, Jan"]
[Black "Kovalevsky, Stanislav"]
[Result "1-0"]
[WhiteTitle "IM"]
[BlackTitle "FM"]
[WhiteElo "2426"]
[BlackElo "2098"]
[WhiteFideId "338176"]
[BlackFideId "13508598"]
[EventDate "2025.05.27"]

1. d4 d5 2. c4 c6 3. Nf3 Nf6 4. e3 Bg4 5. Qb3 Qb6 6. Ne5 Bf5 7. Nc3 Nbd7 8. cxd5
Qxb3 9. axb3 Nxe5 10. dxe5 Nxd5 11. e4 Nxc3 12. exf5 Nd5 13. e6 fxe6 14. fxe6 g6
15. h4 Bg7 16. h5 O-O 17. hxg6 hxg6 18. Rh4 Rf5 19. Bd3 Re5+ 20. Re4 g5 21. Rxe5
Bxe5 22. Bxg5 Bxb2 23. Ra4 Kg7 24. Rg4 Nf6 25. Rg3 Nh5 26. Rh3 Nf6 27. Bh6+ Kg8
28. Bg6 Rd8 29. Bf7+ Kh7 30. Bf8+ Nh5 31. Rxh5# 1-0

[Event "Titled Tue 27th May Early"]
[Site "chess.com INT"]
[Date "2025.05.27"]
[Round "9"]
[White "Sturt, Raven"]
[Black "Klekowski, Maciej"]
[Result "1-0"]
[WhiteTitle "GM"]
[BlackTitle "GM"]
[WhiteElo "2459"]
[BlackElo "2474"]
[WhiteFideId "2007304"]
[BlackFideId "1132717"]
[EventDate "2025.05.27"]

1. f4 d5 2. Nf3 Nf6 3. e3 c5 4. b3 a6 5. Bb2 Nc6 6. c4 d4 7. g3 dxe3 8. dxe3
Qxd1+ 9. Kxd1 Bg4 10. Bg2 Ne4 11. Ke2 O-O-O 12. Rd1 Rxd1 13. Kxd1 e5 14. Nd2
Nxd2 15. Kxd2 exf4 16. exf4 f6 17. h3 Bd7 18. Ke2 Bd6 19. Rd1 Kc7 20. Kf2 Rf8
21. Nd2 g5 22. Ne4 Be7 23. fxg5 fxg5+ 24. Kg1 g4 25. hxg4 Bxg4 26. Rd5 Rf5 27.
Nf2 Rxf2 28. Kxf2 Nb4 29. Be5+ Kb6 30. Rd2 Bf5 31. Ke3 Bg5+ 32. Bf4 Nc2+ 33. Kf2
Be7 34. Rd5 Bg6 35. Rd7 Bf8 36. Rxb7+ Ka5 37. Bc7# 1-0

[Event "Titled Tue 27th May Early"]
[Site "chess.com INT"]
[Date "2025.05.27"]
[Round "9"]
[White "Tarasov, Igor"]
[Black "Lloret Ramis, Juan Jose"]
[Result "1-0"]
[WhiteTitle "FM"]
[BlackTitle "FM"]
[WhiteElo "2256"]
[BlackElo "2019"]
[WhiteFideId "4120256"]
[BlackFideId "2204053"]
[EventDate "2025.05.27"]

1. d4 Nf6 2. c4 e6 3. Nc3 Bb4 4. a3 Bxc3+ 5. bxc3 c5 6. f3 d6 7. e4 e5 8. Be3 b6
9. Bd3 Nc6 10. Ne2 O-O 11. O-O Ba6 12. Ng3 Na5 13. f4 Bxc4 14. fxe5 dxe5 15. Bg5
cxd4 16. Nh5 dxc3 17. Nxf6+ gxf6 18. Bxf6 Qd4+ 19. Kh1 Rfc8 20. Qg4+ Kf8 21.
Bxc4 Qxc4 22. Rad1 Qc5 23. Rd7 1-0

[Event "Titled Tue 27th May Early"]
[Site "chess.com INT"]
[Date "2025.05.27"]
[Round "9"]
[White "Gharibyan, Mamikon"]
[Black "Sonis, Francesco"]
[Result "1-0"]
[WhiteTitle "GM"]
[BlackTitle "GM"]
[WhiteElo "2472"]
[BlackElo "2570"]
[WhiteFideId "13308300"]
[BlackFideId "895733"]
[EventDate "2025.05.27"]

1. d4 Nf6 2. c4 g6 3. Nc3 Bg7 4. e4 d6 5. Nf3 O-O 6. Be2 Na6 7. O-O e5 8. Re1
Re8 9. d5 Nc5 10. Qc2 a5 11. Be3 Ng4 12. Bg5 f6 13. Bh4 Bd7 14. Nd2 Nh6 15. f3
c6 16. b3 Nf7 17. a3 Bh6 18. Rab1 Be3+ 19. Kh1 g5 20. Bg3 h5 21. b4 axb4 22.
axb4 Na6 23. c5 dxc5 24. Bxa6 Bxd2 25. Qxd2 bxa6 26. bxc5 h4 27. Bf2 h3 28. g4
Nh8 29. Red1 Ng6 30. Rb6 Qc8 31. Be3 a5 32. Bxg5 fxg5 33. Qxg5 Kf7 34. dxc6 Be6
35. Nb5 Kg7 36. Rb7+ Bf7 37. Rxf7+ Kxf7 38. Nd6+ Kg7 39. Nxc8 1-0

[Event "Titled Tue 27th May Early"]
[Site "chess.com INT"]
[Date "2025.05.27"]
[Round "9"]
[White "Begunov, Konstantin"]
[Black "Sydoryka, Vladyslav"]
[Result "1-0"]
[WhiteTitle "FM"]
[BlackTitle "FM"]
[WhiteElo "2325"]
[BlackElo "2224"]
[WhiteFideId "4118510"]
[BlackFideId "14145928"]
[EventDate "2025.05.27"]

1. d4 Nf6 2. c4 e6 3. Nf3 d5 4. Nc3 Bb4 5. cxd5 exd5 6. Qc2 O-O 7. Bg5 h6 8. Bh4
c5 9. e3 Nc6 10. dxc5 g5 11. Bg3 Ne4 12. Bd3 Bxc3+ 13. bxc3 Nxc5 14. O-O Qf6 15.
Nd4 Ne5 16. Be2 Nc4 17. Rad1 Bd7 18. Nb3 Bf5 19. Qc1 Ne4 20. Rxd5 Nxc3 21. Bxc4
Rac8 22. Be5 Qc6 23. Qxc3 Be6 24. Rc5 Qa4 25. Bxe6 Rxc5 26. Nxc5 Qc6 27. Bh8 1-0

[Event "Titled Tue 27th May Early"]
[Site "chess.com INT"]
[Date "2025.05.27"]
[Round "9"]
[White "Dauer, Andre Leonardo"]
[Black "Golubova, Anna"]
[Result "0-1"]
[WhiteTitle "CM"]
[BlackTitle "WIM"]
[WhiteElo "2138"]
[BlackElo "2112"]
[WhiteFideId "2126915"]
[BlackFideId "24173606"]
[EventDate "2025.05.27"]

1. e4 g6 2. d4 Bg7 3. Nc3 d6 4. Bc4 Nf6 5. Qe2 O-O 6. e5 dxe5 7. dxe5 Ng4 8. e6
Nc6 9. exf7+ Kh8 10. Nf3 Nce5 11. Nxe5 Nxe5 12. Bb3 Nxf7 13. O-O e5 14. Rd1 Nd6
15. Re1 Bf5 16. Nd1 a5 17. a3 a4 18. Ba2 Qd7 19. Ne3 Be6 20. Bxe6 Qxe6 21. Bd2
Ne4 22. Bb4 c5 23. Nc4 cxb4 24. Qxe4 bxa3 25. Rxa3 b5 26. Nd2 Rac8 27. c3 Qf5
28. Qxf5 gxf5 29. Nf3 e4 30. Nd2 Rfd8 31. Nf1 Rd3 32. g3 Bh6 33. Raa1 Rcd8 34.
Rab1 Kg7 35. Kg2 Kf6 36. h3 Ke5 37. Re2 Rd1 38. Re1 Rxb1 39. Rxb1 Rd3 40. h4 Kd5
41. f3 Rxf3 42. Rd1+ Rd3 43. Re1 Kc4 44. Re2 Bc1 45. Rc2 Be3 46. Re2 Bh6 47. Nh2
Rd2 48. Kf2 Kd3 49. Rxd2+ Bxd2 50. Nf1 e3+ 51. Kf3 e2 0-1

[Event "Titled Tue 27th May Early"]
[Site "chess.com INT"]
[Date "2025.05.27"]
[Round "9"]
[White "Felix, Raphael"]
[Black "Sathvik Adiga"]
[Result "0-1"]
[WhiteTitle "CM"]
[BlackTitle "IM"]
[WhiteElo "2201"]
[BlackElo "2341"]
[WhiteFideId "14339544"]
[BlackFideId "25745700"]
[EventDate "2025.05.27"]

1. e4 e6 2. d4 d5 3. e5 c5 4. c3 Nc6 5. Nf3 Bd7 6. Be2 Nge7 7. Na3 cxd4 8. cxd4
Nf5 9. Nc2 Be7 10. O-O O-O 11. Bd3 Rc8 12. Bxf5 exf5 13. Bd2 Be6 14. a3 h6 15.
Rc1 g5 16. Nfe1 Qb6 17. Qh5 Kg7 18. Nf3 f4 19. h4 Rh8 20. g3 Bf5 21. gxf4 Bg6
22. Qg4 h5 23. Qg3 g4 24. Ng5 Bxc2 25. Rxc2 Nxd4 26. Bc3 Nxc2 27. Qd3 d4 28. Bd2
Qa6 29. Qf5 Qg6 30. Qd7 Bxg5 31. f5 Qc6 32. f6+ Kg6 33. Qe7 Bxd2 34. f4 gxf3 35.
Kh1 f2+ 36. Kh2 Bf4+ 37. Kh3 Qf3# 0-1